书目信息 |
| 题名: |
建筑识图一日通
|
|
| 作者: | 徐第 编著 | |
| 分册: | 建筑弱电工程施工图识读 | |
| 出版信息: | 北京 机械工业出版社 2006.01 |
|
| 页数: | 42页 | |
| 开本: | 21cm | |
| 丛书名: | ||
| 单 册: | ||
| 中图分类: | TU85 | |
| 科图分类: | ||
| 主题词: | 房屋建筑设备--fang wu jian zhu she bei--电气设备--建筑安装工程--识图法 | |
| 电子资源: | ||
| ISBN: | 7-111-18252-9 | |
| 000 | 00919nam0 2200241 450 | |
| 001 | 012006063437 | |
| 005 | 20060921085520.56 | |
| 010 | @a7-111-18252-9@dCNY38.00 (含光盘) | |
| 100 | @a20060705d2006 km y0chiy0120 ea | |
| 101 | 0 | @achi |
| 102 | @aCN@b110000 | |
| 105 | @aa z 000yy | |
| 200 | 1 | @a建筑识图一日通@Ajian zhu shi tu yi ri tong@i建筑弱电工程施工图识读@f徐第编著@Fxu di bian zhu |
| 210 | @a北京@c机械工业出版社@d2006.01 | |
| 215 | @a42页@c图@d21cm@e光盘1张 | |
| 307 | @a光盘 ISBN : CN-N10-05-0069-0 | |
| 330 | @a本书主要介绍建筑工程图识读方法,内容包括建筑施工图识读,结构施工图识读,设备施工图识读及工程施工图实例. | |
| 517 | 1 | @a建筑弱电工程施工图识读@Ajian zhu ruo dian gong cheng shi gong tu shi du |
| 606 | 0 | @a房屋建筑设备@Afang wu jian zhu she bei@x电气设备@x建筑安装工程@j识图法 |
| 690 | @aTU85@v4 | |
| 701 | 0 | @a徐第@Axu di@4编著 |
| 801 | 0 | @aCN@bQSSK@c20060921 |
| 905 | @a10447@dTU85@eX693 | |
| 建筑识图一日通.建筑弱电工程施工图识读/徐第编著.-北京:机械工业出版社,2006.01 |
| 42页:图;21cm+光盘1张 |
| ISBN 7-111-18252-9:CNY38.00 (含光盘) |
| 本书主要介绍建筑工程图识读方法,内容包括建筑施工图识读,结构施工图识读,设备施工图识读及工程施工图实例. |
| ● |
| 相关链接 |
|
|
|
正题名:建筑识图一日通
索取号:TU85/X693
 
预约/预借
| 序号 | 登录号 | 条形码 | 馆藏地/架位号 | 状态 | 备注 |
| 1 | 592833 | 205928335 | 建筑库201/201建筑库 56排7列1层/ [索取号:TU85/X693] | 在馆 | |
| 2 | 592834 | 205928344 | 建筑库201/201建筑库 53排7列4层/ [索取号:TU85/X693] | 在馆 | |
| 3 | 592835 | 205928353 | 建筑库201/201建筑库 53排7列4层/ [索取号:TU85/X693] | 在馆 |